[Event "Edmonton int."]
[Site "Edmonton CAN"]
[Date "2009.12.18"]
[Round "2"]
[White "Porper, Edward"]
[Black "Hansen, Eric"]
[Result "1/2-1/2"]
[WhiteElo "2445"]
[BlackElo "2409"]
[PlyCount "82"]
[GameId "2160767910029998"]
[EventDate "2009.12.17"]
[EventType "tourn"]
[EventRounds "9"]
[EventCountry "CAN"]
[EventCategory "7"]
[SourceTitle "The Week in Chess 789"]
[Source "Mark Crowther"]
[SourceDate "2009.12.21"]
[SourceVersion "1"]
[SourceVersionDate "2009.12.21"]
[SourceQuality "2"]

1. d4 Nf6 2. c4 g6 3. Nc3 d5 4. cxd5 Nxd5 5. e4 Nxc3 6. bxc3 Bg7 7. Bc4 c5 8. Ne2 Nc6 9. Be3 O-O 10. O-O Na5 11. Bd3 b6 12. Rb1 Qc7 13. Bf4 e5 14. Bg3 Be6 15. Qd2 Rad8 16. d5 c4 17. Bc2 Bc8 18. f4 Bg4 19. Kh1 Bh6 20. Ng1 Nb7 21. Qf2 f6 22. h3 exf4 23. Bxf4 Bxf4 24. Qxf4 Qxf4 25. Rxf4 Bd7 26. Ne2 Nd6 27. Nd4 Rde8 28. Re1 Kg7 29. Rf2 Re5 30. Rfe2 Rfe8 31. Kg1 Rc8 32. Kf2 Rc5 33. Rd1 Re8 34. Nf3 Ra5 35. Bb1 Ra3 36. Rc1 Nf7 37. Nd4 Ne5 38. Re3 Kf7 39. Ke2 Ke7 40. Kd2 Ra5 41. Rf1 Rf8 1/2-1/2

[Event "Edmonton int."]
[Site "Edmonton CAN"]
[Date "2009.12.18"]
[Round "3"]
[White "Hansen, Eric"]
[Black "Friedel, Joshua E"]
[Result "0-1"]
[WhiteElo "2409"]
[BlackElo "2551"]
[PlyCount "92"]
[GameId "2160767910030001"]
[EventDate "2009.12.17"]
[EventType "tourn"]
[EventRounds "9"]
[EventCountry "CAN"]
[EventCategory "7"]
[SourceTitle "CBM 133 Extra"]
[Source "ChessBase"]
[SourceDate "2010.01.05"]
[SourceVersion "1"]
[SourceVersionDate "2010.01.05"]
[SourceQuality "1"]

1. d4 Nf6 2. c4 e6 3. Nc3 Bb4 4. e3 O-O 5. Nge2 d5 6. cxd5 exd5 7. a3 Bd6 8. g3 c6 9. Bg2 Re8 10. O-O Na6 11. b4 Nc7 12. Qd3 b6 13. Bd2 Ba6 14. Qc2 Bc4 15. Rfe1 b5 16. e4 dxe4 17. Nxe4 Nfd5 18. Nxd6 Qxd6 19. Nf4 Qf6 20. Qb2 Nxf4 21. Bxf4 Nd5 22. Bd2 Qg6 23. h3 h5 24. Re5 f6 25. Be4 Qxe4 26. Rxe4 Rxe4 27. Re1 Rxe1+ 28. Bxe1 Re8 29. Qc1 h4 30. gxh4 Re4 31. f3 Re3 32. Kf2 Re2+ 33. Kg1 Re3 34. Kf2 Rd3 35. h5 Kh7 36. Bd2 Ne7 37. Qe1 Nf5 38. Bc3 Bd5 39. Qe8 Rxf3+ 40. Ke2 Ng3+ 41. Kd1 Rxc3 42. Qg6+ Kh8 43. h6 Nh5 44. hxg7+ Nxg7 45. h4 Rxa3 46. Qxf6 Kh7 0-1

[Event "Edmonton int."]
[Site "Edmonton CAN"]
[Date "2009.12.19"]
[Round "4"]
[White "Hansen, Eric"]
[Black "Esserman, Mark"]
[Result "1/2-1/2"]
[WhiteElo "2409"]
[BlackElo "2408"]
[PlyCount "74"]
[GameId "2160767910030006"]
[EventDate "2009.12.17"]
[EventType "tourn"]
[EventRounds "9"]
[EventCountry "CAN"]
[EventCategory "7"]
[SourceTitle "The Week in Chess 789"]
[Source "Mark Crowther"]
[SourceDate "2009.12.21"]
[SourceVersion "1"]
[SourceVersionDate "2009.12.21"]
[SourceQuality "2"]

1. d4 Nf6 2. c4 g6 3. Nc3 d5 4. Nf3 Bg7 5. cxd5 Nxd5 6. Qb3 Nb6 7. Bf4 Be6 8. Qc2 Nc6 9. e4 Nb4 10. Qd1 Bg4 11. Qb3 Bxf3 12. Qxb4 Bg4 13. f3 Bd7 14. O-O-O O-O 15. Kb1 a5 16. Qc5 Rc8 17. Rd2 c6 18. h4 Be6 19. h5 Nd7 20. Qg5 Nf6 21. hxg6 fxg6 22. g4 Qe8 23. Be5 Qf7 24. Rdh2 b5 25. d5 cxd5 26. exd5 Bxg4 27. fxg4 Ne4 28. Qe3 Bxe5 29. Qxe4 Bxh2 30. Bxb5 Qf4 31. Qxe7 Rf7 32. Qe6 Rxc3 33. bxc3 Qb8 34. a4 Kg7 35. g5 Qg3 36. Qe2 Rf2 37. Qe1 Qg2 1/2-1/2

[Event "Edmonton int."]
[Site "Edmonton CAN"]
[Date "2009.12.20"]
[Round "6"]
[White "Hansen, Eric"]
[Black "Kraai, Jesse"]
[Result "1/2-1/2"]
[WhiteElo "2409"]
[BlackElo "2509"]
[PlyCount "83"]
[GameId "2160767910030016"]
[EventDate "2009.12.17"]
[EventType "tourn"]
[EventRounds "9"]
[EventCountry "CAN"]
[EventCategory "7"]
[SourceTitle "The Week in Chess 789"]
[Source "Mark Crowther"]
[SourceDate "2009.12.21"]
[SourceVersion "1"]
[SourceVersionDate "2009.12.21"]
[SourceQuality "2"]

1. d4 Nf6 2. c4 e6 3. Nf3 c5 4. d5 exd5 5. cxd5 d6 6. Nc3 g6 7. Nd2 Nbd7 8. e4 Bg7 9. Be2 O-O 10. O-O Re8 11. Qc2 a6 12. a4 Rb8 13. h3 Nh5 14. Bxh5 gxh5 15. Ra3 b5 16. axb5 axb5 17. Ne2 h4 18. b4 cxb4 19. Rb3 Nc5 20. Rxb4 Qa5 21. Qb1 f5 22. Nd4 Rb7 23. Nxf5 Bxf5 24. exf5 Bc3 25. Rg4+ Rg7 26. Nf3 b4 27. Rxh4 b3 28. Bh6 Ra7 29. Rg4+ Kh8 30. Nd4 Qa1 31. Nb5 Bf6 32. Nxd6 Qxb1 33. Rxb1 Rg8 34. Be3 Rxg4 35. Bxc5 b2 36. Rxb2 Ra1+ 37. Kh2 Rxg2+ 38. Kxg2 Bxb2 39. Ne4 Rd1 40. f6 Kg8 41. d6 Kf7 42. Be3 1/2-1/2

[Event "Edmonton int."]
[Site "Edmonton CAN"]
[Date "2009.12.20"]
[Round "7"]
[White "Haessel, Dale"]
[Black "Hansen, Eric"]
[Result "1/2-1/2"]
[WhiteElo "2201"]
[BlackElo "2409"]
[PlyCount "57"]
[GameId "2160767910030020"]
[EventDate "2009.12.17"]
[EventType "tourn"]
[EventRounds "9"]
[EventCountry "CAN"]
[EventCategory "7"]
[SourceTitle "CBM 133 Extra"]
[Source "ChessBase"]
[SourceDate "2010.01.05"]
[SourceVersion "1"]
[SourceVersionDate "2010.01.05"]
[SourceQuality "1"]

1. d4 Nf6 2. c4 g6 3. Nf3 Bg7 4. g3 O-O 5. Bg2 d6 6. O-O Nc6 7. Nc3 Bd7 8. h3 a6 9. d5 Na5 10. Qd3 c5 11. dxc6 Nxc6 12. Nd5 b5 13. cxb5 axb5 14. e4 Nxd5 15. exd5 Nb4 16. Qb3 Na6 17. Bg5 h6 18. Be3 Nc5 19. Qc2 Qc8 20. Qd2 Ne4 21. Qd3 Qc4 22. Qxc4 bxc4 23. Nd4 Nf6 24. Rfc1 Rfc8 25. b4 cxb3 26. axb3 Rxa1 27. Rxa1 e6 28. dxe6 fxe6 29. Ra6 1/2-1/2

[Event "Edmonton int."]
[Site "Edmonton CAN"]
[Date "2009.12.21"]
[Round "8.3"]
[White "Hansen, Eric"]
[Black "Mikhalevski, Victor"]
[Result "0-1"]
[WhiteElo "2409"]
[BlackElo "2607"]
[PlyCount "102"]
[GameId "2160767910030027"]
[EventDate "2009.12.17"]
[EventType "tourn"]
[EventRounds "9"]
[EventCountry "CAN"]
[EventCategory "7"]

1. d4 Nf6 2. c4 g6 3. Nc3 d5 4. cxd5 Nxd5 5. Nf3 Bg7 6. Qb3 Nxc3 7. bxc3 c5 8. e3 O-O 9. Ba3 b6 10. Rd1 Qc7 11. Be2 Nc6 12. O-O Na5 13. Qb1 Bb7 14. dxc5 bxc5 15. Qb5 Rfc8 16. c4 Bf6 17. Qb1 Rab8 18. Qc2 Ba8 19. Nd2 Be5 20. h3 Nc6 21. Bf3 Qa5 22. Qc1 Nb4 23. Bxb4 cxb4 24. Bxa8 Rxa8 25. Qc2 Bc3 26. Nb3 Qa4 27. Qe2 Qc6 28. Rd5 Kg7 29. Rc5 Qe6 30. Rd1 Rxc5 31. Nxc5 Qc6 32. Nb3 a5 33. Nd4 Qc5 34. Nb5 Rc8 35. Nxc3 bxc3 36. Rc1 Qb4 37. Rc2 Rxc4 38. Qd3 a4 39. Kh2 a3 40. g3 h5 41. Kg2 Qb7+ 42. Kh2 Qc7 43. Kg2 Qc6+ 44. Kh2 Qc5 45. Kg2 e5 46. f3 Qb4 47. Kf2 Rc7 48. Qe4 Qb5 49. f4 exf4 50. gxf4 Rc4 51. Qe7 Qf5 0-1

[Event "Edmonton int."]
[Site "Edmonton CAN"]
[Date "2009.12.21"]
[Round "9.3"]
[White "Antal, Gergely"]
[Black "Hansen, Eric"]
[Result "1-0"]
[WhiteElo "2495"]
[BlackElo "2409"]
[PlyCount "65"]
[GameId "2160767910030032"]
[EventDate "2009.12.17"]
[EventType "tourn"]
[EventRounds "9"]
[EventCountry "CAN"]
[EventCategory "7"]

1. e4 e6 2. d4 d5 3. Nd2 Nf6 4. e5 Nfd7 5. Bd3 c5 6. c3 Nc6 7. Ne2 cxd4 8. cxd4 f6 9. exf6 Nxf6 10. O-O Bd6 11. Nf3 O-O 12. Bf4 Ng4 13. Bg3 g6 14. h3 Nf6 15. Bxd6 Qxd6 16. Qd2 a6 17. Qh6 Bd7 18. Rfe1 Rae8 19. Ng3 Re7 20. Re3 Qb4 21. Ne2 Qxb2 22. Rb1 Qxa2 23. Rxb7 Ne4 24. Qh4 Nd2 25. Nxd2 Qxd2 26. Nf4 Ref7 27. Bxg6 hxg6 28. Nxg6 Qxd4 29. Qh5 Rf5 30. Ne7+ Nxe7 31. Rg3+ Qg7 32. Rxg7+ Kxg7 33. Qg4+ 1-0

[Event "Battle of Alberta"]
[Site "Red Deer CAN"]
[Date "2009.09.26"]
[Round "1.1"]
[White "Hansen, Eric"]
[Black "Gicev, Blagoja"]
[Result "1-0"]
[WhiteElo "2498"]
[BlackElo "2380"]
[PlyCount "105"]
[GameId "2160767910096632"]
[EventDate "2009.09.26"]
[EventType "team"]
[EventRounds "2"]
[EventCountry "CAN"]
[SourceTitle "EXT 2011"]
[Source "ChessBase"]
[SourceDate "2011.11.26"]
[SourceVersion "1"]
[SourceVersionDate "2011.11.26"]
[SourceQuality "1"]

1. e4 c5 2. Nf3 e6 3. d4 cxd4 4. Nxd4 a6 5. Bd3 Bc5 6. Nb3 Be7 7. Qg4 g6 8. O-O Nc6 9. Nc3 Ne5 10. Qg3 d6 11. f4 Nxd3 12. cxd3 Nf6 13. Be3 O-O 14. a4 e5 15. f5 Bd7 16. a5 Bb5 17. Bh6 Re8 18. Bg5 Nh5 19. Bxe7 Qxe7 20. Qe3 Bc6 21. Rf3 f6 22. Nd2 Rad8 23. d4 d5 24. exd5 Bxd5 25. Rf2 Bc6 26. dxe5 Qxe5 27. Qh6 g5 28. Qxh5 Qc5 29. Nf1 Re5 30. Rd1 Rxd1 31. Qxd1 Rxf5 32. Qd2 Qxa5 33. Rxf5 Qxf5 34. Ne3 Qc5 35. Qf2 b5 36. Ned5 Qxf2+ 37. Kxf2 Kf7 38. Nb4 Bb7 39. Nd3 Ke7 40. Nc5 Bc8 41. b4 Kd6 42. Ke3 a5 43. N5e4+ Kc6 44. bxa5 b4 45. Ne2 Kd5 46. Nxf6+ Kc4 47. Ne4 b3 48. Kd2 Kb4 49. Nxg5 Kxa5 50. Kc3 Ka4 51. Nd4 h6 52. Ne4 Bd7 53. Nxb3 1-0

[Event "Battle of Alberta"]
[Site "Red Deer CAN"]
[Date "2009.09.26"]
[Round "2.1"]
[White "Gicev, Blagoja"]
[Black "Hansen, Eric"]
[Result "1-0"]
[WhiteElo "2380"]
[BlackElo "2498"]
[PlyCount "101"]
[GameId "2160767910096644"]
[EventDate "2009.09.26"]
[EventType "team"]
[EventRounds "2"]
[EventCountry "CAN"]
[SourceTitle "EXT 2011"]
[Source "ChessBase"]
[SourceDate "2011.11.26"]
[SourceVersion "1"]
[SourceVersionDate "2011.11.26"]
[SourceQuality "1"]

1. e4 d6 2. d4 Nf6 3. Nc3 e5 4. Nf3 Nbd7 5. Bc4 Be7 6. O-O O-O 7. a4 a5 8. Re1 c6 9. Ba2 Qc7 10. Qd3 b6 11. Bg5 exd4 12. Nxd4 Ne5 13. Qd2 h6 14. Bh4 Re8 15. Rad1 Rb8 16. h3 Ng6 17. Bg3 Nh5 18. Bh2 Bg5 19. Qe2 Nhf4 20. Bxf4 Bxf4 21. Qc4 Ne5 22. Qf1 Nd7 23. Nce2 Be5 24. Nc3 Nc5 25. f4 Ba6 26. Qf3 Bf6 27. Nf5 Rbd8 28. Qg3 Rf8 29. e5 dxe5 30. Rxd8 Rxd8 31. fxe5 Bg5 32. h4 Qd7 33. Qf3 g6 34. e6 fxe6 35. Nxh6+ Kg7 36. hxg5 Qd4+ 37. Qe3 Qxe3+ 38. Rxe3 Rd2 39. Ne4 Rxc2 40. Nxc5 Rxc5 41. Ng4 Rxg5 42. Bxe6 Rc5 43. Bb3 Bc4 44. Bd1 Bd5 45. Bf3 Rc4 46. b3 Rc1+ 47. Kf2 Rc2+ 48. Kg3 Rb2 49. Bxd5 cxd5 50. Rd3 Kf7 51. Ne5+ 1-0

[Event "British Columbia op"]
[Site "Victoria CAN"]
[Date "2009.07.24"]
[Round "1"]
[White "Tate, William"]
[Black "Hansen, Eric"]
[Result "0-1"]
[WhiteElo "1784"]
[BlackElo "2472"]
[PlyCount "64"]
[GameId "2160767910093487"]
[EventDate "2009.07.24"]
[EventType "swiss"]
[EventRounds "5"]
[EventCountry "CAN"]
[SourceTitle "EXT 2011"]
[Source "ChessBase"]
[SourceDate "2011.11.26"]
[SourceVersion "1"]
[SourceVersionDate "2011.11.26"]
[SourceQuality "1"]

1. e4 c5 2. Nf3 e6 3. d4 cxd4 4. Nxd4 a6 5. Be2 Nf6 6. Nd2 Qc7 7. O-O Bc5 8. c3 Nc6 9. N4b3 Be7 10. f4 d6 11. Bf3 O-O 12. Qe2 b5 13. Nd4 Bb7 14. N2b3 Nxd4 15. cxd4 a5 16. a4 bxa4 17. Rxa4 Ba6 18. Qe1 Bxf1 19. Kxf1 Qc6 20. Ra3 d5 21. exd5 Nxd5 22. Bxd5 Qxd5 23. Qe3 Qc4+ 24. Kf2 Bxa3 25. bxa3 Qc2+ 26. Kg3 Rab8 27. Nc5 Rfc8 28. Qd2 Qc4 29. h4 Rd8 30. f5 Rxd4 31. Qg5 Qxc5 32. Bb2 Rxb2 0-1

[Event "British Columbia op"]
[Site "Victoria CAN"]
[Date "2009.07.25"]
[Round "2"]
[White "Hansen, Eric"]
[Black "Huang, Richard"]
[Result "1-0"]
[WhiteElo "2472"]
[BlackElo "1952"]
[PlyCount "111"]
[GameId "2160767910093498"]
[EventDate "2009.07.24"]
[EventType "swiss"]
[EventRounds "5"]
[EventCountry "CAN"]
[SourceTitle "EXT 2011"]
[Source "ChessBase"]
[SourceDate "2011.11.26"]
[SourceVersion "1"]
[SourceVersionDate "2011.11.26"]
[SourceQuality "1"]

1. d4 d5 2. c4 c6 3. Nf3 Nf6 4. Nc3 e6 5. e3 Nbd7 6. Qc2 Bd6 7. Be2 O-O 8. O-O dxc4 9. Bxc4 e5 10. Rd1 Qe7 11. e4 b5 12. Bb3 Bb7 13. d5 b4 14. dxc6 Bxc6 15. Nd5 Bxd5 16. Bxd5 Nxd5 17. Rxd5 Nb6 18. Rd1 Rac8 19. Qb3 h6 20. g3 Bc5 21. Nh4 Rfd8 22. Nf5 Qf6 23. Be3 Bxe3 24. Qxe3 Kh7 25. Qb3 Rc4 26. Rxd8 Qxd8 27. Rd1 Qf8 28. Nd6 Rc7 29. Nb5 Rb7 30. Qc2 Qc8 31. Rc1 Qxc2 32. Rxc2 f6 33. b3 Nc8 34. Rxc8 Rxb5 35. Kf1 Ra5 36. Rc2 Kg6 37. Ke2 Ra6 38. f4 exf4 39. gxf4 Kh5 40. Kf3 g5 41. f5 Kh4 42. Re2 Kh3 43. e5 fxe5 44. Ke4 Rf6 45. Rf2 h5 46. Kxe5 Rf8 47. Ke6 g4 48. Ke7 Rb8 49. f6 g3 50. hxg3 Kxg3 51. Rf1 Kg2 52. Rf5 h4 53. f7 h3 54. f8=Q Rxf8 55. Rxf8 h2 56. Rg8+ 1-0

[Event "British Columbia op"]
[Site "Victoria CAN"]
[Date "2009.07.25"]
[Round "3"]
[White "Chen, Howard"]
[Black "Hansen, Eric"]
[Result "0-1"]
[WhiteElo "2192"]
[BlackElo "2472"]
[PlyCount "68"]
[GameId "2160767910093515"]
[EventDate "2009.07.24"]
[EventType "swiss"]
[EventRounds "5"]
[EventCountry "CAN"]
[SourceTitle "EXT 2011"]
[Source "ChessBase"]
[SourceDate "2011.11.26"]
[SourceVersion "1"]
[SourceVersionDate "2011.11.26"]
[SourceQuality "1"]

1. e4 c5 2. Nf3 e6 3. b3 d6 4. Bb2 Nf6 5. Qe2 Nc6 6. g3 Be7 7. Bg2 O-O 8. O-O Bd7 9. c3 Rc8 10. d3 Qb6 11. Nbd2 Qa6 12. a3 e5 13. b4 b5 14. Ne1 Qb6 15. Nc2 Bg4 16. Qe1 a5 17. bxc5 Qxc5 18. Rc1 Qb6 19. Kh1 Nd7 20. Ne3 Nc5 21. Nd5 Qa7 22. Qe3 Rfe8 23. Ba1 Bf8 24. Rb1 Rb8 25. d4 Nd7 26. Qd3 Rec8 27. Ne3 Bh5 28. Rfc1 b4 29. axb4 axb4 30. dxe5 dxe5 31. Ndc4 Nc5 32. Qd5 b3 33. Bb2 Bg6 34. Ra1 Qc7 0-1

[Event "British Columbia op"]
[Site "Victoria CAN"]
[Date "2009.07.25"]
[Round "4"]
[White "Hansen, Eric"]
[Black "Patterson, Roger"]
[Result "1-0"]
[WhiteElo "2472"]
[BlackElo "2193"]
[PlyCount "161"]
[GameId "2160767910093542"]
[EventDate "2009.07.24"]
[EventType "swiss"]
[EventRounds "5"]
[EventCountry "CAN"]
[SourceTitle "EXT 2011"]
[Source "ChessBase"]
[SourceDate "2011.11.26"]
[SourceVersion "1"]
[SourceVersionDate "2011.11.26"]
[SourceQuality "1"]

1. e4 e5 2. Nf3 Nc6 3. Bc4 Bc5 4. O-O Nf6 5. d4 exd4 6. e5 d5 7. exf6 dxc4 8. Re1+ Be6 9. fxg7 Rg8 10. Ng5 Qd5 11. Nc3 Qf5 12. Nce4 O-O-O 13. g4 Qe5 14. Nxe6 fxe6 15. Bh6 Rge8 16. Qf3 Qd5 17. Rad1 Be7 18. h4 Ne5 19. Qg3 Bxh4 20. Qh3 Be7 21. Bf4 Rg8 22. Ng5 Ng6 23. Nxe6 Nxf4 24. Nxf4 Qf7 25. Ne6 Rd6 26. Re4 Rxe6 27. g5 Rxg7 28. Rxe6 Rxg5+ 29. Kf1 Kb8 30. Rxd4 Bd6 31. Rde4 b6 32. Re8+ Kb7 33. Qc8+ Kc6 34. R8e6 Rf5 35. Qe8+ Qxe8 36. Rxe8 Bc5 37. Re2 c3 38. bxc3 Bd6 39. R8e4 a5 40. c4 Rf7 41. a4 Kc5 42. c3 Kc6 43. Ke1 Kc5 44. Kd2 Rf3 45. Rh4 Bf4+ 46. Kc2 h6 47. Kb3 Kd6 48. Rg4 Bg5 49. Rg3 Rf6 50. Rd3+ Kc6 51. f3 Bf4 52. Rd5 Bd6 53. Rf2 Bc5 54. Rf1 Bd6 55. Kc2 Rf4 56. Rd4 Rf6 57. f4 Rf5 58. Kd3 Kd7 59. Rd5 Rf6 60. Ke4 Ke7 61. Rh5 Re6+ 62. Kd5 Kf7 63. f5 Re3 64. Rxh6 Rd3+ 65. Kc6 Rxc3 66. Rh4 Kf6 67. Re4 Rh3 68. Re6+ Kf7 69. Rxd6 cxd6 70. Kxb6 Rc3 71. Rf4 Rd3 72. Kxa5 d5 73. cxd5 Rxd5+ 74. Kb6 Rd6+ 75. Kc5 Rd1 76. a5 Ra1 77. Kb5 Rb1+ 78. Rb4 Rf1 79. a6 Rxf5+ 80. Kb6 Kg7 81. a7 1-0

[Event "British Columbia op"]
[Site "Victoria CAN"]
[Date "2009.07.26"]
[Round "5"]
[White "McLaren, Brian"]
[Black "Hansen, Eric"]
[Result "0-1"]
[WhiteElo "2246"]
[BlackElo "2472"]
[PlyCount "62"]
[GameId "2160767910093567"]
[EventDate "2009.07.24"]
[EventType "swiss"]
[EventRounds "5"]
[EventCountry "CAN"]
[SourceTitle "EXT 2011"]
[Source "ChessBase"]
[SourceDate "2011.11.26"]
[SourceVersion "1"]
[SourceVersionDate "2011.11.26"]
[SourceQuality "1"]

1. e4 d6 2. d4 Nf6 3. Nc3 e5 4. dxe5 dxe5 5. Qxd8+ Kxd8 6. Bg5 Be6 7. O-O-O+ Nbd7 8. Nge2 Be7 9. f3 c6 10. Ng3 Kc7 11. Nf5 Bf8 12. Bd3 h6 13. Bd2 g6 14. Ne3 b5 15. a3 Nc5 16. Be2 a5 17. Nb1 Nfd7 18. b3 f5 19. exf5 gxf5 20. g4 fxg4 21. fxg4 Ne4 22. Be1 h5 23. Nf5 hxg4 24. Bxg4 Ndf6 25. h3 Nxg4 26. hxg4 Rxh1 27. Bxa5+ Rxa5 28. Rxh1 Bxf5 29. gxf5 Nf6 30. Kb2 Ra8 31. Re1 e4 0-1

[Event "CYCC U18"]
[Site "Victoria CAN"]
[Date "2009.07.21"]
[Round "1"]
[White "Hansen, Eric"]
[Black "Kaminski, Victor"]
[Result "1-0"]
[WhiteElo "2472"]
[BlackElo "2328"]
[PlyCount "85"]
[GameId "2160767910155409"]
[EventDate "2009.07.21"]
[EventType "swiss"]
[EventRounds "7"]
[EventCountry "CAN"]
[SourceTitle "EXT 2011"]
[Source "ChessBase"]
[SourceDate "2011.11.26"]
[SourceVersion "1"]
[SourceVersionDate "2011.11.26"]
[SourceQuality "1"]

1. d4 Nf6 2. c4 e6 3. Nf3 b6 4. g3 Bb4+ 5. Nbd2 Ba6 6. a3 Bxd2+ 7. Nxd2 Bb7 8. Nf3 a5 9. Bg2 d6 10. d5 e5 11. b3 Nbd7 12. O-O O-O 13. Nh4 Re8 14. Nf5 Nc5 15. Rb1 Bc8 16. Ne3 Bd7 17. b4 axb4 18. axb4 Na4 19. Qc2 Qc8 20. Ra1 b5 21. c5 c6 22. Rd1 dxc5 23. bxc5 cxd5 24. Nxd5 Nxd5 25. Bxd5 Bc6 26. Bxc6 Qxc6 27. Be3 Red8 28. Rxd8+ Rxd8 29. Rd1 Rxd1+ 30. Qxd1 f6 31. Qb3+ Kf8 32. f4 exf4 33. gxf4 Qd7 34. Kf2 Qc6 35. Bd4 h5 36. Qh3 b4 37. Qb3 Qb5 38. Qe6 Nxc5 39. Qc8+ Kf7 40. Qxc5 Qxc5 41. Bxc5 b3 42. Bd4 Ke6 43. e4 1-0

[Event "CYCC U18"]
[Site "Victoria CAN"]
[Date "2009.07.22"]
[Round "3"]
[White "Deschenes, Marc-Andre"]
[Black "Hansen, Eric"]
[Result "0-1"]
[WhiteElo "1864"]
[BlackElo "2472"]
[PlyCount "80"]
[GameId "2160767910155413"]
[EventDate "2009.07.21"]
[EventType "swiss"]
[EventRounds "7"]
[EventCountry "CAN"]
[SourceTitle "EXT 2011"]
[Source "ChessBase"]
[SourceDate "2011.11.26"]
[SourceVersion "1"]
[SourceVersionDate "2011.11.26"]
[SourceQuality "1"]

1. e4 c5 2. Nf3 e6 3. d4 cxd4 4. Nxd4 a6 5. Nc3 Qc7 6. Bd3 Nf6 7. O-O Bd6 8. h3 Nc6 9. Be3 b5 10. Kh1 b4 11. Nce2 Bb7 12. Nxc6 Bxc6 13. f3 Be7 14. c3 bxc3 15. Nxc3 O-O 16. Rc1 Qb7 17. b3 d5 18. exd5 Nxd5 19. Nxd5 Bxd5 20. Bc4 Rfd8 21. Qe2 a5 22. Bb5 Rdb8 23. Ba4 Ba3 24. Rc2 Rc8 25. Bc1 Rxc2 26. Qxc2 Rc8 27. Qd2 Qa6 28. Rd1 Bb4 29. Qf2 Qd6 30. Bb2 Qf4 31. Qd4 Qg5 32. Qg4 Qh6 33. Rxd5 f5 34. Qd4 exd5 35. Qxd5+ Kh8 36. Qxf5 Rd8 37. f4 Rf8 38. Qe5 Bd6 39. Qe4 Rxf4 40. Qe2 Qe6 0-1

[Event "CYCC U18"]
[Site "Victoria CAN"]
[Date "2009.07.22"]
[Round "4"]
[White "Hansen, Eric"]
[Black "Gaciu, Vlad"]
[Result "1-0"]
[WhiteElo "2472"]
[BlackElo "1968"]
[PlyCount "59"]
[GameId "2160767910155416"]
[EventDate "2009.07.21"]
[EventType "swiss"]
[EventRounds "7"]
[EventCountry "CAN"]
[SourceTitle "EXT 2011"]
[Source "ChessBase"]
[SourceDate "2011.11.26"]
[SourceVersion "1"]
[SourceVersionDate "2011.11.26"]
[SourceQuality "1"]

1. e4 d6 2. d4 Nf6 3. Nc3 g6 4. Be3 c6 5. f3 b5 6. Qd2 Nbd7 7. g4 Nb6 8. Bh6 Bxh6 9. Qxh6 Qc7 10. Qe3 e5 11. a3 a6 12. h4 h5 13. g5 Nfd7 14. O-O-O Bb7 15. f4 O-O-O 16. Nf3 Rhe8 17. Bh3 Kb8 18. Bxd7 Nxd7 19. Rhf1 exd4 20. Qxd4 Nb6 21. Qf6 c5 22. f5 Qe7 23. fxg6 Qxf6 24. gxf6 fxg6 25. f7 Rf8 26. Ng5 Rd7 27. Rf6 Nc4 28. Rxg6 Ne5 29. Rgxd6 Kc7 30. Ne6+ 1-0

[Event "CYCC U18"]
[Site "Victoria CAN"]
[Date "2009.07.22"]
[Round "5"]
[White "Xu, Haizhou"]
[Black "Hansen, Eric"]
[Result "0-1"]
[WhiteElo "1704"]
[BlackElo "2472"]
[PlyCount "70"]
[GameId "2160767910155421"]
[EventDate "2009.07.21"]
[EventType "swiss"]
[EventRounds "7"]
[EventCountry "CAN"]
[SourceTitle "EXT 2011"]
[Source "ChessBase"]
[SourceDate "2011.11.26"]
[SourceVersion "1"]
[SourceVersionDate "2011.11.26"]
[SourceQuality "1"]

1. e4 d6 2. d4 Nf6 3. Nc3 e5 4. dxe5 dxe5 5. Qxd8+ Kxd8 6. Bc4 Ke8 7. Bg5 Bd6 8. O-O-O Nbd7 9. Nf3 a6 10. Rhe1 h6 11. Bh4 b5 12. Bd5 Nxd5 13. exd5 f6 14. h3 g5 15. Bg3 Kf7 16. a4 b4 17. Ne4 f5 18. Ned2 Re8 19. Nc4 f4 20. Bh2 a5 21. Nxd6+ cxd6 22. Nd2 Nc5 23. b3 Bf5 24. f3 Rac8 25. Kb1 Nd7 26. Ne4 Bxe4 27. fxe4 Rc3 28. Bg1 Kg6 29. Kb2 h5 30. Re2 g4 31. hxg4 hxg4 32. Rd3 Rec8 33. Rxc3 Rxc3 34. Kc1 g3 35. Kd1 Kh5 0-1

[Event "CYCC U18"]
[Site "Victoria CAN"]
[Date "2009.07.23"]
[Round "6"]
[White "Hansen, Eric"]
[Black "Ji, Henry"]
[Result "1-0"]
[WhiteElo "2472"]
[BlackElo "1694"]
[PlyCount "45"]
[GameId "2160767910155423"]
[EventDate "2009.07.21"]
[EventType "swiss"]
[EventRounds "7"]
[EventCountry "CAN"]
[SourceTitle "EXT 2011"]
[Source "ChessBase"]
[SourceDate "2011.11.26"]
[SourceVersion "1"]
[SourceVersionDate "2011.11.26"]
[SourceQuality "1"]

1. e4 e5 2. Nf3 Nc6 3. Bc4 Bc5 4. O-O Nf6 5. d4 exd4 6. e5 d5 7. exf6 dxc4 8. Re1+ Be6 9. Ng5 Qxf6 10. Nxe6 fxe6 11. Qh5+ Kd7 12. Qxc5 Raf8 13. f3 Qg6 14. Qxc4 e5 15. Nd2 h5 16. Qd3 Qf7 17. Ne4 Kc8 18. Bd2 h4 19. h3 Rhg8 20. b4 Ne7 21. Ng5 Qd5 22. Qb3 Qxb3 23. axb3 1-0

[Event "CYCC U18"]
[Site "Victoria CAN"]
[Date "2009.07.23"]
[Round "7"]
[White "Me, Kevin"]
[Black "Hansen, Eric"]
[Result "1/2-1/2"]
[WhiteElo "2124"]
[BlackElo "2472"]
[PlyCount "21"]
[GameId "2160767910155426"]
[EventDate "2009.07.21"]
[EventType "swiss"]
[EventRounds "7"]
[EventCountry "CAN"]
[SourceTitle "EXT 2011"]
[Source "ChessBase"]
[SourceDate "2011.11.26"]
[SourceVersion "1"]
[SourceVersionDate "2011.11.26"]
[SourceQuality "1"]

1. e4 e6 2. d4 d5 3. exd5 exd5 4. Bd3 Bd6 5. Nf3 Nf6 6. O-O O-O 7. Bg5 Bg4 8. Nbd2 c6 9. c3 Nbd7 10. Qc2 Qc7 11. Rfe1 1/2-1/2

[Event "CAN-op"]
[Site "Edmonton CAN"]
[Date "2009.07.11"]
[Round "1.14"]
[White "Armstrong, Robert J"]
[Black "Hansen, Eric"]
[Result "0-1"]
[WhiteElo "1831"]
[BlackElo "2472"]
[PlyCount "62"]
[GameId "2160767910155685"]
[EventDate "2009.07.11"]
[EventType "swiss"]
[EventRounds "9"]
[EventCountry "CAN"]

1. d4 Nf6 2. c4 g6 3. Nc3 Bg7 4. e4 d6 5. f3 O-O 6. Be3 c6 7. Nge2 a6 8. g4 b5 9. Ng3 bxc4 10. h4 Qa5 11. Qd2 c5 12. d5 Bxg4 13. fxg4 Nxg4 14. Bf4 Ne5 15. Be2 Nbd7 16. Bh6 Bxh6 17. Qxh6 Rab8 18. Rc1 f6 19. Nf5 Rf7 20. Rg1 Rxb2 21. h5 g5 22. Rxg5+ fxg5 23. Qxg5+ Kf8 24. Qh6+ Ke8 25. Ng7+ Kd8 26. Qxh7 Nd3+ 27. Kd1 N7e5 28. Qg8+ Kc7 29. Ne6+ Kb7 30. Bxd3 cxd3 31. Nd8+ Qxd8 0-1